000 00630nam a2200229Ia 4500
003 OSt
005 20221007064754.0
006 a|||||r|||| 00| 0
007 ta
008 221006b |||||||| |||| 00| 0 eng d
024 _a12,480
037 _cTextual
040 _aFLL
_cFLL
_beng
041 _2eng
_aeng
082 _aV2:91:9Z, J1
100 _aChand P.N. Au.
_9686254
245 0 _aLaw of election and election petitions in india
260 _aDelhi
_bMetropolitan book co. ltd. India
_c1951
300 _a250p
_ccm.
942 _hV2:91:9Z, J1
_cTEXL
_2CC
999 _c1135300
_d1135300